Ordinary differential equations / (Record no. 17198)

MARC details
000 -LEADER
fixed length control field 00895nam a22002297a 4500
008 - FIXED-LENGTH DATA ELEMENTS--GENERAL INFORMATION
fixed length control field 081022t xxu||||| |||| 00| 0 eng d
010 ## - LCCN (DPL NO)
LC control number ENG-91421
020 ## - INTERNATIONAL STANDARD BOOK NUMBER
International Standard Book Number 9788120336384
Terms of availability 250.00
035 ## - SYSTEM CONTROL NUMBER
System control number EN-74954
037 ## - SOURCE OF ACQUISITION
Source of stock number/acquisition DBAD / PUB
040 ## - CATALOGING SOURCE
Original cataloging agency dpl
Language of cataloging English
082 ## - DEWEY DECIMAL CLASSIFICATION NUMBER
Classification number 515.352
100 ## - MAIN ENTRY--PERSONAL NAME
Personal name Biswal, Purna Chandra
9 (RLIN) 52944
245 ## - TITLE STATEMENT
Title Ordinary differential equations /
Statement of responsibility, etc by Purna Chandra Biswal /
260 ## - PUBLICATION, DISTRIBUTION, ETC. (IMPRINT)
Place of publication, distribution, etc New Delhi
Name of publisher, distributor, etc Prentice Hall of India
Date of publication, distribution, etc 2008
270 ## - ADDRESS
Address M-97 Connaught Circus,
City New Delhi
Postal code 110012
300 ## - PHYSICAL DESCRIPTION
Extent ix, 332p.
Dimensions 25cm (pbk)
500 ## - GENERAL NOTE
General note Includes bibliographical references and index
650 ## - SUBJECT ADDED ENTRY--TOPICAL TERM
Source of heading or term Differential equations.
942 ## - ADDED ENTRY ELEMENTS (KOHA)
Source of classification or shelving scheme Dewey Decimal Classification
Item type English Books
Call number suffix BIS
Classification part 515.352
Holdings
Withdrawn status Lost status Source of classification or shelving scheme Damaged status Not for loan Collection code Home library Current library Date acquired Source of acquisition Cost, normal purchase price Total Checkouts Full call number Barcode Date last seen Copy number Cost, replacement price Koha item type
    Dewey Decimal Classification   Not For Loan Non-fiction D.B.Act.Division D.B.Act.Division 22/10/2008 DBAD / PUB 250.00   515.352 BIS EN-74954 22/10/2008 1 250.00 English Books

© Delhi Public Library
Hit Counter
free hit counter